HIMYM: Ted's last words to his kids. Quiz Stats

Quiz not verified by Sporcle

Challenge
Share
Tweet
Embed
Score 0/202 Timer 07:00
0 Plays Today
% Correct
i
94.9%
i
94.9%
i
94.9%
i
94.9%
i
94.9%
I
94.9%
I
94.9%
i
94.9%
I
94.9%
I
94.9%
I
94.9%
I
94.9%
i
94.9%
a
86.7%
a
86.7%
and
77.4%
And
77.4%
and
77.4%
and
77.4%
and
77.4%
and
77.4%
and
77.4%
You
77.4%
the
75.4%
the
75.4%
that
75.4%
that
75.4%
that
75.4%
the
75.4%
the
75.4%
That
75.4%
that
75.4%
that
75.4%
that
75.4%
the
75.4%
the
75.4%
your
69.2%
me
69.2%
me.
69.2%
me
69.2%
It
67.7%
it
67.7%
it
67.7%
kids,
66.7%
was
64.6%
was
64.6%
was
64.6%
is
64.1%
met
63.6%
love
63.1%
to
62.1%
to
62.1%
to
62.1%
to
62.1%
she
61%
be
59.5%
be
59.5%
her,
57.9%
her,
57.9%
her
57.9%
mom
57.4%
when
57.4%
ever
56.9%
sick.
56.9%
ever
56.9%
got
55.9%
of
53.8%
of
53.8%
% Correct
we
53.3%
every
51.8%
every
51.8%
every
51.8%
every
51.8%
every
51.8%
every
51.8%
long
49.7%
long
49.7%
long
49.7%
as
49.2%
as
49.2%
as
49.2%
as
49.2%
as
49.2%
even
48.7%
Even
48.7%
on
48.7%
on
48.7%
have
47.7%
have
47.7%
for
47.7%
for
47.7%
had,
47.7%
had
47.7%
this
47.2%
not
46.7%
not
46.7%
can,
45.6%
can
45.6%
can
45.6%
can
45.6%
But
44.1%
in
43.6%
with
43.1%
with
43.1%
with
43.1%
do
42.1%
road.
40.5%
if
40.5%
what
40.5%
at
40%
woman
39.5%
times
39%
then,
39%
times,
39%
my
38.5%
knew:
37.9%
fight
37.9%
could
37.9%
could
37.9%
much
37.9%
difficult
37.4%
im
37.4%
difficult
37.4%
there,
37.4%
there
37.4%
moment
36.9%
up,
36.9%
been
36.4%
morning,
36.4%
will
35.9%
all
35.9%
second.
35.4%
through
34.9%
see
34.9%
through
34.9%
christmas
34.9%
% Correct
through
34.9%
or
34.9%
or
34.9%
or
34.9%
or
34.9%
because
34.4%
train
34.4%
glad
33.8%
get
33.8%
from
33.8%
never
33.3%
Sunday
33.3%
girl
33.3%
speak.
33.3%
carried
32.8%
carried
32.8%
carried
32.8%
loving
32.3%
stupid
32.3%
God.
32.3%
God
32.3%
saw
32.3%
tap
32.3%
lesson
31.8%
lesson
31.8%
lesson
31.8%
worst
31.8%
shoulder,
31.8%
might
31.3%
only
31.3%
only
31.3%
thank
31.3%
Thank
31.3%
thank.
31.3%
platform,
31.3%
stop
30.8%
beautiful
30.8%
hell
30.3%
open
29.7%
mouth
29.7%
gone
29.2%
hadn't
28.2%
clear.
28.2%
guts
28.2%
walk
28.2%
sleepy
27.7%
stand
27.7%
over
27.7%
5 am.
27.2%
called
25.1%
afternoon,
23.6%
right
23.1%
bump,
22.6%
jealousy
22.1%
pang
17.4%
our
17.4%
way.
17.4%
speed
15.4%
universe
13.8%
came
13.3%
possibly
13.3%
anyone
12.3%
whole
11.3%
boredom
10.3%
else
10.3%
uncertainty
6.7%

You're not logged in!

Compare scores with friends on all Sporcle quizzes.
Join for Free
OR
Log In

You Might Also Like...

Show Comments

Extras

Created Apr 2, 2014SourceReportNominate
Tags:ending, HIMYM, kid, last, ted

Top Quizzes Today


Score Distribution

Your Account Isn't Verified!

In order to create a playlist on Sporcle, you need to verify the email address you used during registration. Go to your Sporcle Settings to finish the process.

Report this User

Report this user for behavior that violates our Community Guidelines.

Details: